000 00418nam a2200121 a 4500
008 120416nuuuuuuuuxx |||||||||||||| || u
050 _aTS 1890 Hof
100 _aHofmann, Werner
245 1 0 _aRubber technology handbook
260 _cLondon
350 _a0.00
995 _D0.00
_FCBU-MAIN LIBRARY (Kitwe)
_H1
_I78.00
_M1
_UAVAILABLE
_ZMain Library Open Access Collection
999 _c56775
_d56775